Historia del dinero (Registro nro. 4447)

Detalles MARC
000 -LEADER
fixed length control field 00959 a2200229 4500
001 - CONTROL NUMBER
control field 47734
005 - DATE AND TIME OF LATEST TRANSACTION
control field 20260407155743.0
008 - FIXED-LENGTH DATA ELEMENTS--GENERAL INFORMATION
fixed length control field 260407a2009 arg spa d
003 - CONTROL NUMBER IDENTIFIER
control field AR-UNSa-BCEJYS
040 ## - CATALOGING SOURCE
Original cataloging agency AR-UNSa-BCEJYS
Language of cataloging spa
Transcribing agency AR-UNSa-BCEJYS
080 ## - UNIVERSAL DECIMAL CLASSIFICATION NUMBER
Universal Decimal Classification number 336.741.2
Common auxiliary subdivision Naturaleza de la moneda. Teoría general del dinero
020 ## - INTERNATIONAL STANDARD BOOK NUMBER
International Standard Book Number 978-84-493-2294-5
100 1# - MAIN ENTRY--PERSONAL NAME
Personal name Williams, Jonathan
245 10 - TITLE STATEMENT
Title Historia del dinero
264 #1 - PRODUCTION, PUBLICATION, DISTRIBUTION, MANUFACTURE, AND COPYRIGHT NOTICE
Place of production, publication, distribution, manufacture Barcelona :
Name of producer, publisher, distributor, manufacturer Paidós
Date of production, publication, distribution, manufacture, or copyright notice 2009
300 ## - PHYSICAL DESCRIPTION
Extent 272 p.
Dimensions 26 cm.
505 ## - FORMATTED CONTENTS NOTE
Formatted contents note 1. Mesopotamia, Egipto y Grecia - 2. El mundo romano - 3. La Europa medieval - 4. Los territorios islámicos - 5. India y el sudeste asiático - 6. China y Oriente - 7. La Edad Moderna - 8. África y Oceanía - 9. La Edad Contemporánea.
590 ## - LOCAL NOTE (RLIN)
Local note niveau_biblio:m niveau_hierar:0
700 1# - ADDED ENTRY--PERSONAL NAME
Personal name Eagleton, Catherine
856 41 - ELECTRONIC LOCATION AND ACCESS
Uniform Resource Identifier <a href="https://www.biblioeco.unsa.edu.ar/pmb/images/libros/L127651.jpg">https://www.biblioeco.unsa.edu.ar/pmb/images/libros/L127651.jpg</a>
Link text Imagen de portada
Electronic format type image/jpeg
942 ## - ADDED ENTRY ELEMENTS (KOHA)
Koha item type
Existencias
Withdrawn status Lost status Damaged status Not for loan Home library Current library Shelving location Date acquired Total checkouts Full call number Barcode Date last seen Price effective from Koha item type
        Biblioteca Prof. Eusebio Cleto del Rey Biblioteca Prof. Eusebio Cleto del Rey   07/04/2026   336.741.2 E11 L127651 07/04/2026 07/04/2026 Libro